[Event "AUT-ch Vor4 Internet"]
[Site "Playchess.com INT"]
[Date "2020.04.25"]
[Round "4"]
[White "Ussar, Reinhard"]
[Black "Schein, Alexander"]
[Result "1-0"]
[WhiteElo "1676"]
[BlackElo "1631"]
[PlyCount "41"]
[EventDate "2020.04.25"]
[EventType "swiss (blitz)"]
[EventRounds "9"]
[EventCountry "AUT"]
[SourceTitle "EXT 2021"]
[Source "ChessBase"]
[SourceDate "2020.10.23"]
[SourceVersion "1"]
[SourceVersionDate "2020.10.23"]
[SourceQuality "1"]

1. e4 d5 2. exd5 Nf6 3. Nc3 Nxd5 4. d4 Nc6 5. Bc4 Be6 6. Ne4 g6 7. Nf3 Bg7 8. c3 0-0 9. 0-0 Nxc3 10. bxc3 Bxc4 11. Re1 Be6 12. Nc5 Bc8 13. Bg5 f6 14. Bf4 b6 15. Ne6 Bxe6 16. Rxe6 Qd7 17. Qe2 Kf7 18. Re1 Rae8 19. d5 Qxd5 20. Nd4 Qd7 21. Nxc6 1-0

[Event "AUT-ch Vor3 Internet"]
[Site "Playchess.com INT"]
[Date "2020.04.17"]
[Round "4"]
[White "Fugger, Christian"]
[Black "Schein, Alexander"]
[Result "1-0"]
[WhiteElo "1807"]
[BlackElo "1631"]
[PlyCount "67"]
[EventDate "2020.04.17"]
[EventType "swiss (blitz)"]
[EventRounds "9"]
[EventCountry "AUT"]
[SourceTitle "CBM 195 Extra"]
[Source "ChessBase"]
[SourceDate "2020.05.31"]
[SourceVersion "1"]
[SourceVersionDate "2020.05.31"]
[SourceQuality "1"]

1. d4 d5 2. c4 e5 3. dxe5 d4 4. Nf3 Nc6 5. g3 Nge7 6. Bg2 Ng6 7. 0-0 Ngxe5 8. Nbd2 Be7 9. Nxe5 Nxe5 10. Nf3 Nxf3+ 11. Bxf3 0-0 12. e3 Bh3 13. Bg2 Bxg2 14. Kxg2 Bf6 15. exd4 Qxd4 16. Qc2 Rad8 17. Be3 Qxb2 18. Qxb2 Bxb2 19. Rab1 Bd4 20. Bxd4 Rxd4 21. Rxb7 Rxc4 22. Rxa7 c5 23. Rb1 Rc2 24. Rbb7 c4 25. a4 c3 26. a5 Rc1 27. a6 c2 28. Rc7 Rb8 29. Rab7 Ra8 30. a7 h6 31. Rb8+ Rxb8 32. axb8Q+ Kh7 33. Qb2 Rb1 34. Qxc2+ 1-0

[Event "AUT-ch Vor3 Internet"]
[Site "Playchess.com INT"]
[Date "2020.04.17"]
[Round "8"]
[White "Kosc, Renata"]
[Black "Schein, Alexander"]
[Result "0-1"]
[WhiteElo "1988"]
[BlackElo "1631"]
[PlyCount "88"]
[EventDate "2020.04.17"]
[EventType "swiss (blitz)"]
[EventRounds "9"]
[EventCountry "AUT"]
[SourceTitle "CBM 195 Extra"]
[Source "ChessBase"]
[SourceDate "2020.05.31"]
[SourceVersion "1"]
[SourceVersionDate "2020.05.31"]
[SourceQuality "1"]

1. e4 d5 2. exd5 Nf6 3. d4 Nxd5 4. Nf3 Bg4 5. Be2 e6 6. h3 Bh5 7. 0-0 Nc6 8. c4 Nf6 9. Be3 Be7 10. Nc3 0-0 11. Qd2 Bb4 12. g4 Bg6 13. Qc1 Ne4 14. Nxe4 Bxe4 15. a3 Be7 16. b4 Bf6 17. Rd1 a6 18. Ng5 Bg6 19. Nf3 Qe7 20. Ra2 Rfd8 21. Rad2 Bg5 22. Bxg5 f6 23. Be3 Be4 24. Nh2 a5 25. b5 Na7 26. Bd3 f5 27. Bxe4 fxe4 28. f3 Qh4 29. Bf2 Qxh3 30. fxe4 Rf8 31. Rd3 Qh6 32. Qxh6 gxh6 33. Kg2 Rf4 34. Re3 Raf8 35. Bg3 R4f7 36. Nf3 c6 37. Ne5 Re7 38. bxc6 Nxc6 39. Nxc6 bxc6 40. Rf1 Rb7 41. Rxf8+ Kxf8 42. Bd6+ Kg7 43. c5 Rb2+ 44. Kg3 Rd2 0-1

[Event "AUT-ch Vor2 Internet"]
[Site "Playchess.com INT"]
[Date "2020.04.13"]
[Round "5"]
[White "Gall, Bernhard"]
[Black "Schein, Alexander"]
[Result "0-1"]
[WhiteElo "1244"]
[BlackElo "1631"]
[PlyCount "60"]
[EventDate "2020.04.13"]
[EventType "swiss (blitz)"]
[EventRounds "9"]
[EventCountry "AUT"]
[SourceTitle "CBM 195 Extra"]
[Source "ChessBase"]
[SourceDate "2020.05.31"]
[SourceVersion "1"]
[SourceVersionDate "2020.05.31"]
[SourceQuality "1"]

1. e4 d5 2. exd5 Nf6 3. d4 Nxd5 4. Nf3 Bg4 5. Nc3 Nc6 6. Bc4 e6 7. h3 Bxf3 8. Qxf3 Nxc3 9. Qxc3 Qxd4 10. Qxd4 Nxd4 11. Bb3 0-0-0 12. 0-0 Bc5 13. Be3 Nxb3 14. axb3 Bxe3 15. fxe3 a6 16. Rxf7 Rd7 17. Rxd7 Kxd7 18. Rd1+ Ke7 19. c4 Rf8 20. Rf1 Rxf1+ 21. Kxf1 Kd6 22. Ke2 Ke5 23. g3 Ke4 24. b4 b6 25. b3 c6 26. h4 h5 27. b5 axb5 28. cxb5 cxb5 29. b4 g6 30. g4 hxg4 0-1

[Event "AUT-ch Vor2 Internet"]
[Site "Playchess.com INT"]
[Date "2020.04.13"]
[Round "2"]
[White "Schein, Alexander"]
[Black "Iro, Christian"]
[Result "1-0"]
[WhiteElo "1631"]
[BlackElo "2081"]
[PlyCount "87"]
[EventDate "2020.04.13"]
[EventType "swiss (blitz)"]
[EventRounds "9"]
[EventCountry "AUT"]
[SourceTitle "CBM 195 Extra"]
[Source "ChessBase"]
[SourceDate "2020.05.31"]
[SourceVersion "1"]
[SourceVersionDate "2020.05.31"]
[SourceQuality "1"]

1. e4 c6 2. d4 d5 3. Nc3 dxe4 4. Nxe4 Bf5 5. Ng3 Bg6 6. Nf3 Nd7 7. Bc4 e6 8. 0-0 Ngf6 9. Bg5 Be7 10. Ne5 0-0 11. f4 Nd5 12. Bxe7 Qxe7 13. Bxd5 cxd5 14. Qd2 Rac8 15. c3 Nb6 16. b3 Rc7 17. f5 exf5 18. Nxf5 Bxf5 19. Rxf5 f6 20. Raf1 Re8 21. Nf3 Qe3+ 22. Qxe3 Rxe3 23. Ne5 Rexc3 24. g4 Rc1 25. Nd3 Rxf1+ 26. Kxf1 Rc2 27. Rf2 Rxf2+ 28. Kxf2 Nd7 29. Nf4 Nb6 30. Ne6 Nd7 31. Nc7 Nb6 32. a4 a5 33. Ke3 Kf7 34. Kf4 Ke7 35. Nb5 Nc8 36. h4 Nd6 37. Nc7 Ne4 38. Nxd5+ Kd6 39. Kxe4 h6 40. Nb6 Kc6 41. Nc4 b6 42. d5+ Kc7 43. d6+ Kc6 44. Kd4 1-0

[Event "AUT-ch Vor1 Internet"]
[Site "Playchess.com INT"]
[Date "2020.04.11"]
[Round "1"]
[White "Froewis, Georg"]
[Black "Schein, Alexander"]
[Result "1-0"]
[WhiteElo "2457"]
[BlackElo "1631"]
[PlyCount "57"]
[EventDate "2020.04.11"]
[EventType "swiss (blitz)"]
[EventRounds "9"]
[EventCountry "AUT"]
[SourceTitle "CBM 195 Extra"]
[Source "ChessBase"]
[SourceDate "2020.05.31"]
[SourceVersion "1"]
[SourceVersionDate "2020.05.31"]
[SourceQuality "1"]

1. Nf3 d5 2. d4 Nf6 3. c4 Bf5 4. Nc3 e6 5. Qb3 b6 6. cxd5 Nxd5 7. e3 Be7 8. Bb5+ c6 9. Be2 0-0 10. 0-0 Nd7 11. Bd2 c5 12. Nxd5 exd5 13. Qxd5 Be6 14. Qe4 Nf6 15. Qb1 cxd4 16. Nxd4 Re8 17. Bf3 Rc8 18. Rc1 Bc5 19. Nxe6 Rxe6 20. Bc3 Ne4 21. Bxe4 Rxe4 22. Qxe4 Qg5 23. Rd1 h6 24. g3 h5 25. Rd5 Qh6 26. Rad1 g6 27. Rd8+ Rxd8 28. Rxd8+ Kh7 29. Rh8# 1-0

[Event "AUT-ch Vor1 Internet"]
[Site "Playchess.com INT"]
[Date "2020.04.11"]
[Round "4"]
[White "Lohr, Thomas"]
[Black "Schein, Alexander"]
[Result "0-1"]
[WhiteElo "1203"]
[BlackElo "1631"]
[PlyCount "84"]
[EventDate "2020.04.11"]
[EventType "swiss (blitz)"]
[EventRounds "9"]
[EventCountry "AUT"]
[SourceTitle "CBM 195 Extra"]
[Source "ChessBase"]
[SourceDate "2020.05.31"]
[SourceVersion "1"]
[SourceVersionDate "2020.05.31"]
[SourceQuality "1"]

1. e4 d5 2. exd5 Nf6 3. Nc3 Nxd5 4. Bc4 Nxc3 5. dxc3 Qxd1+ 6. Kxd1 e5 7. Nf3 Bg4 8. Re1 Bxf3+ 9. gxf3 Nc6 10. f4 0-0-0+ 11. Bd2 f6 12. fxe5 Nxe5 13. Be6+ Kb8 14. Ke2 Bc5 15. Be3 Bxe3 16. fxe3 Rhe8 17. Bf7 Re7 18. Bh5 Nc4 19. b3 Rxe3+ 20. Kf1 Nd2+ 21. Kf2 Rxe1 22. Kxe1 Ne4 23. Rd1 Rxd1+ 24. Kxd1 Nxc3+ 25. Kd2 Nd5 26. Bf7 Nf4 27. Bg8 h6 28. Be6 c5 29. Bc4 Kc7 30. Ke3 Ng6 31. Ke4 Ne5 32. Kf5 Nxc4 33. bxc4 Kd6 34. Kg6 Ke5 35. Kxg7 f5 36. Kxh6 f4 37. Kg5 f3 38. h4 f2 39. h5 f1Q 40. h6 Qg2+ 41. Kh5 Kf5 42. h7 Qh2# 0-1

[Event "AUT-ch Vor1 Internet"]
[Site "Playchess.com INT"]
[Date "2020.04.11"]
[Round "9"]
[White "Schein, Alexander"]
[Black "Heinritz, Dietmar"]
[Result "1-0"]
[WhiteElo "1631"]
[BlackElo "1887"]
[PlyCount "45"]
[EventDate "2020.04.11"]
[EventType "swiss (blitz)"]
[EventRounds "9"]
[EventCountry "AUT"]
[SourceTitle "CBM 195 Extra"]
[Source "ChessBase"]
[SourceDate "2020.05.31"]
[SourceVersion "1"]
[SourceVersionDate "2020.05.31"]
[SourceQuality "1"]

1. e4 Nf6 2. e5 Nd5 3. Nf3 Nb6 4. Nc3 d5 5. d4 e6 6. Bd3 c5 7. Bb5+ Bd7 8. Be3 Nc6 9. dxc5 Nc4 10. Bxc4 dxc4 11. 0-0 Qa5 12. Ne4 Rd8 13. Nd6+ Bxd6 14. exd6 f6 15. Qe2 Qb4 16. Rab1 b5 17. a3 Qa5 18. Nd4 Nxd4 19. Bxd4 e5 20. Be3 Qa6 21. Qh5+ g6 22. Qf3 Qc6 23. Qxf6 1-0

[Event "AUT-ch Vor1 Internet"]
[Site "Playchess.com INT"]
[Date "2020.04.11"]
[Round "5"]
[White "Schein, Alexander"]
[Black "Stolzlechner, Thomas"]
[Result "0-1"]
[WhiteElo "1631"]
[BlackElo "2037"]
[PlyCount "30"]
[EventDate "2020.04.11"]
[EventType "swiss (blitz)"]
[EventRounds "9"]
[EventCountry "AUT"]
[SourceTitle "CBM 195 Extra"]
[Source "ChessBase"]
[SourceDate "2020.05.31"]
[SourceVersion "1"]
[SourceVersionDate "2020.05.31"]
[SourceQuality "1"]

1. e4 e5 2. Nf3 Nc6 3. Bc4 Nf6 4. Ng5 d5 5. exd5 Na5 6. Bb5+ c6 7. dxc6 bxc6 8. Be2 h6 9. Nf3 e4 10. Ne5 Bd6 11. Nc4 Nxc4 12. Bxc4 0-0 13. 0-0 Bxh2+ 14. Kxh2 Ng4+ 15. Kh1 Qh4+ 0-1

[Event "AUT-ch Vor1 Internet"]
[Site "Playchess.com INT"]
[Date "2020.04.11"]
[Round "3"]
[White "Schein, Alexander"]
[Black "Zechner, Andrea"]
[Result "1/2-1/2"]
[WhiteElo "1631"]
[BlackElo "1862"]
[PlyCount "152"]
[EventDate "2020.04.11"]
[EventType "swiss (blitz)"]
[EventRounds "9"]
[EventCountry "AUT"]
[SourceTitle "CBM 195 Extra"]
[Source "ChessBase"]
[SourceDate "2020.05.31"]
[SourceVersion "1"]
[SourceVersionDate "2020.05.31"]
[SourceQuality "1"]

1. e4 e6 2. d4 d5 3. exd5 exd5 4. Nf3 Bd6 5. Nc3 Ne7 6. Bd3 Bg4 7. h3 Bh5 8. Bg5 f6 9. Bh4 Nbc6 10. Bb5 Qd7 11. g4 Bf7 12. Qd2 0-0-0 13. 0-0-0 Ng6 14. Bg3 Bb4 15. a3 Ba5 16. Qd3 Rhe8 17. Rhe1 Nf8 18. Nh4 g6 19. f4 Ne6 20. Nf3 Bb6 21. Bxc6 Qxc6 22. Qb5 Qxb5 23. Nxb5 c6 24. Nc3 Bc7 25. Kb1 Nxf4 26. Rxe8 Rxe8 27. Bxf4 Bxf4 28. Rf1 Bd6 29. Nd2 Re6 30. Nb3 b6 31. a4 Kd7 32. Kc1 Bb4 33. Kd2 Bxc3+ 34. Kxc3 Ke7 35. a5 Re3+ 36. Kd2 Rxh3 37. axb6 axb6 38. g5 Rh2+ 39. Kc3 fxg5 40. Nd2 Be6 41. Nf3 Rh3 42. Kd2 g4 43. Ng5 Rh2+ 44. Kc3 h5 45. Re1 g3 46. Rxe6+ Kd7 47. Rxg6 g2 48. Nf3 Rh3 49. Rxg2 Rxf3+ 50. Kd2 h4 51. Rh2 Rf4 52. Ke3 Re4+ 53. Kd3 Kd6 54. c4 c5 55. cxd5 Kxd5 56. dxc5 bxc5 57. Kc2 Kc4 58. Rh3 Kd4 59. b3 c4 60. bxc4 Kxc4 61. Rc3+ Kd4 62. Rd3+ Ke5 63. Rh3 Kf5 64. Kd3 Rf4 65. Ke3 Ra4 66. Kf2 Kg4 67. Rh2 h3 68. Kg1 Ra1+ 69. Kf2 Ra2+ 70. Kg1 Ra1+ 71. Kf2 Ra2+ 72. Kg1 Rxh2 73. Kxh2 Kh4 74. Kh1 Kg3 75. Kg1 h2+ 76. Kh1 Kh3 1/2-1/2

[Event "Neumarkt am Wallersee op-C 16th"]
[Site "Neumarkt am Wallersee"]
[Date "2018.09.07"]
[Round "6.1"]
[White "Dummert, Norbert"]
[Black "Schein, Alexander"]
[Result "1/2-1/2"]
[WhiteElo "1536"]
[BlackElo "1627"]
[PlyCount "182"]
[EventDate "2018.09.02"]
[EventType "swiss"]
[EventRounds "7"]
[EventCountry "AUT"]
[SourceTitle "EXT 2024"]
[Source "ChessBase"]
[SourceDate "2023.10.10"]
[SourceVersion "1"]
[SourceVersionDate "2023.10.10"]
[SourceQuality "1"]

1. e4 e5 2. d4 exd4 3. c3 d5 4. Qxd4 dxe4 5. Qxe4+ Qe7 6. Qxe7+ Bxe7 7. Be3 Nf6 8. Nf3 Nc6 9. Bd3 Be6 10. 0-0 0-0-0 11. Bb5 Bd5 12. Nbd2 a6 13. Ba4 Ne4 14. Nxe4 Bxe4 15. Nd4 Ne5 16. Bb3 c5 17. Ne2 c4 18. Bd1 Bd3 19. Re1 Rhe8 20. h3 Nd7 21. Nd4 Bg5 22. Bf3 Bxe3 23. Rxe3 Rxe3 24. fxe3 Re8 25. Re1 Nf6 26. Kf2 g6 27. b4 Re5 28. a4 Nd5 29. Bxd5 Rxd5 30. e4 Re5 31. Kf3 f5 32. Kf4 Rxe4+ 33. Rxe4 fxe4 34. g4 Kd7 35. g5 Kd6 36. h4 b6 37. b5 a5 38. Nc6 Bc2 39. Nd4 Bxa4 40. Kxe4 Bb3 41. Ke3 a4 42. Kd2 a3 43. Kc1 Ba4 44. Kb1 Kc5 45. Ka2 Bxb5 46. Kxa3 Bd7 47. Nf3 Kd5 48. Kb4 Ke4 49. Nd2+ Kf4 50. Nxc4 b5 51. Nb6 Be8 52. Nd5+ Kg3 53. Nf6 Bc6 54. Kc5 Bf3 55. Kxb5 Kxh4 56. Nxh7 Kg4 57. Kc5 Kf5 58. Kd4 Ke6 59. Nf8+ Kf5 60. Ke3 Bg4 61. Nh7 Ke6 62. Kf4 Bf5 63. Nf6 Kd6 64. Ne4+ Kd5 65. Nd2 Be6 66. Nf3 Kc4 67. Ne5+ Kxc3 68. Nxg6 Kd4 69. Nf8 Kd5 70. g6 Bg8 71. Kg5 Ke5 72. Nd7+ Ke6 73. Nf6 Bf7 74. g7 Ke7 75. Ng4 Ba2 76. Kh6 Bb3 77. Ne5 Kf6 78. Nd7+ Ke7 79. Nc5 Ba2 80. Kh7 Kf6 81. Kh8 Ke7 82. Nd3 Kf6 83. Nb4 Bb3 84. Nc6 Ba2 85. Nd4 Kg6 86. Nc6 Kf6 87. Nb4 Bb3 88. Nd3 Ba2 89. Nf4 Bb3 90. Nh5+ Kg6 91. Ng3 Be6 1/2-1/2

[Event "Neumarkt am Wallersee op-C 16th"]
[Site "Neumarkt am Wallersee"]
[Date "2018.09.06"]
[Round "5.1"]
[White "Schein, Alexander"]
[Black "Braeuer, Mario"]
[Result "1-0"]
[WhiteElo "1627"]
[BlackElo "1476"]
[PlyCount "61"]
[EventDate "2018.09.02"]
[EventType "swiss"]
[EventRounds "7"]
[EventCountry "AUT"]
[SourceTitle "EXT 2024"]
[Source "ChessBase"]
[SourceDate "2023.10.10"]
[SourceVersion "1"]
[SourceVersionDate "2023.10.10"]
[SourceQuality "1"]

1. e4 e5 2. Nf3 Nc6 3. Bc4 Nf6 4. Ng5 d5 5. exd5 Nd4 6. d6 Qxd6 7. d3 Be6 8. Nxe6 Nxe6 9. 0-0 0-0-0 10. Be3 Nd7 11. Bxa7 Nb6 12. Bxb6 Qxb6 13. b3 Bc5 14. Nd2 f5 15. a4 Bb4 16. a5 Bxa5 17. Bxe6+ Qxe6 18. Rxa5 Kd7 19. Nc4 Qf6 20. Nxe5+ Kd6 21. Nc4+ Ke6 22. Re1+ Kf7 23. Qf3 g6 24. Qxb7 Rhe8 25. Qxc7+ Re7 26. Qxe7+ Qxe7 27. Rxe7+ Kxe7 28. Kf1 Kf6 29. b4 Kg5 30. b5 Rd5 31. b6 1-0